Biblioteca y auditorio de la Universidad Jorge Tadeo Lozano : (Record no. 9327)

MARC details
000 -LEADER
campo de control de longitud fija 00376nam a2200109Ia 4500
005 - FECHA Y HORA DE LA ÚLTIMA TRANSACCIÓN
campo de control 20260328101515.0
008 - DATOS DE LONGITUD FIJA--INFORMACIÓN GENERAL
campo de control de longitud fija 260328s9999||||xx |||||||||||||| ||und||
100 ## - ENTRADA PRINCIPAL--NOMBRE DE PERSONA
Nombre de persona Villazón Godoy, Rafael
245 #0 - MENCIÓN DEL TÍTULO
Título Biblioteca y auditorio de la Universidad Jorge Tadeo Lozano :
Resto del título Arquitecto Daniel Bermúdez Samper /
Mención de responsabilidad, etc. Rafael Villazón Godoy
260 ## - PUBLICACIÓN, DISTRIBUCIÓN, ETC.
Nombre del editor, distribuidor, etc. Universidad de los Andes
942 ## - ELEMENTOS DE ENTRADA SECUNDARIOS (KOHA)
Tipo de ítem Koha Libros
Holdings
Estatus retirado Estado de pérdida Estado de daño No para préstamo Colección Biblioteca de origen Biblioteca actual Ubicación en estantería Fecha de adquisición Número de inventario Total de préstamos Signatura topográfica completa Código de barras Visto por última vez Copia número Precio de reemplazo Tipo de ítem Koha
        General Biblioteca Gonzalo Peláez Caldas Biblioteca Gonzalo Peláez Caldas Colección general 28/03/2026 3166   725.5 V 713 3166 28/03/2026 1 28/03/2026 Libros